[Event "ch-PHI"]
[Site "Tagaytay City PHI"]
[Date "2010.05.31"]
[Round "7"]
[White "Gomez,Joh"]
[Black "Garcia,Jan"]
[Result "1-0"]
[WhiteElo "2507"]
[BlackElo "2315"]
[EventDate "2010.05.25"]

1. e4 d6 2. d4 Nf6 3. Nc3 g6 4. f4 Bg7 5. Nf3 O-O 6. Bd3 Na6 7. O-O c5 8.
d5 Bg4 9. Bc4 Nc7 10. h3 Bxf3 11. Qxf3 a6 12. a4 b6 13. Qd3 e6 14. dxe6
fxe6 15. Rd1 d5 16. exd5 exd5 17. Qf3 Qe7 18. Nxd5 Nfxd5 19. Be3 Rae8 20.
Bxd5+ Nxd5 21. Qxd5+ Kh8 22. Bf2 Rxf4 23. Re1 Re4 24. a5 bxa5 25. Rxe4 Qxe4
26. Qxc5 Qb4 27. Rxa5 Qxc5 28. Rxc5 Bxb2 29. c3 Bc1 30. Bd4+ Kg8 31. Kf2
Kf7 32. Kf3 Re7 33. g4 Bh6 34. Ra5 Re6 35. Rd5 Bf8 36. h4 Rd6 37. Ra5 Be7
38. g5 Bd8 39. Ra2 Ke6 40. Ke4 Kd7 41. Kd3 Bc7 42. Rf2 Re6 43. Rf3 Bd6 44.
Kc4 Kc6 45. Rf7 Re7 46. Rf6 Rc7 47. Kd3 Kd7 48. Ke4 a5 49. Kd5 Bg3 50. h5
gxh5 51. Rh6 Kc8 52. Rxh5 Be1 53. c4 Rd7+ 54. Ke4 Bd2 55. c5 Kc7 56. Kd3
Bc1 57. Kc4 a4 58. Be5+ Kc8 59. c6 Rf7 60. g6 1-0

[Event "ch-PHI"]
[Site "Tagaytay City PHI"]
[Date "2010.05.31"]
[Round "7"]
[White "Antonio,R"]
[Black "Laylo,D"]
[Result "1/2-1/2"]
[WhiteElo "2572"]
[BlackElo "2527"]
[EventDate "2010.05.25"]

1. e4 c5 2. Nf3 e6 3. c3 Nf6 4. e5 Nd5 5. d4 cxd4 6. Bc4 Nc6 7. O-O d6 8.
cxd4 Be7 9. Qe2 O-O 10. a3 Bd7 11. Bd3 Qb6 12. Qe4 f5 13. exf6 Nxf6 14. Qh4
g6 15. Nc3 Nh5 16. Qe4 Nf6 17. Qh4 Nh5 18. Qe4 Nf6 1/2-1/2

[Event "ch-PHI"]
[Site "Tagaytay City PHI"]
[Date "2010.05.31"]
[Round "7"]
[White "Nolte,R"]
[Black "So,W"]
[Result "1/2-1/2"]
[WhiteElo "2420"]
[BlackElo "2665"]
[EventDate "2010.05.25"]

1. d4 Nf6 2. c4 g6 3. Nc3 Bg7 4. e4 d6 5. Nf3 O-O 6. Be2 e5 7. O-O Nc6 8.
d5 Ne7 9. Nd2 a5 10. a3 Bd7 11. b3 Ne8 12. Rb1 f5 13. b4 axb4 14. axb4 Nf6
15. f3 c6 16. Kh1 Kh8 17. Bb2 h5 18. c5 fxe4 19. fxe4 dxc5 20. d6 cxb4 21.
dxe7 Qxe7 22. Na4 Ng4 23. Nb6 Nf2+ 24. Rxf2 Rxf2 25. Qe1 Raf8 26. Nxd7 Qg5
27. g3 R8f7 28. Nc5 Qe3 29. Bc4 Rxh2+ 30. Kxh2 Rf2+ 31. Kh3 Qxc5 32. Nb3
Qf8 33. Be6 Qf6 34. Bf5 Rf3 35. Nd2 Rd3 36. Qe2 Rd8 37. Nc4 gxf5 38. Qxh5+
Kg8 39. Bxe5 Qe6 40. Bxg7 fxe4+ 41. Qg4 Qxg4+ 42. Kxg4 Kxg7 43. Rxb4 b5 44.
Ne3 Kf6 45. Kf4 Rb8 46. Kxe4 c5 47. Rb2 b4 48. Kd5 Re8 49. Nc4 Rg8 50. Rb3
Rg5+ 51. Kc6 Kf5 52. Nd6+ Kg4 53. Ne4 Rf5 54. Nxc5 Rf3 55. Rxb4+ Kxg3
1/2-1/2

[Event "ch-PHI"]
[Site "Tagaytay City PHI"]
[Date "2010.05.31"]
[Round "7"]
[White "Bitoon,R"]
[Black "Sadorra,J"]
[Result "1/2-1/2"]
[WhiteElo "2476"]
[BlackElo "2450"]
[EventDate "2010.05.25"]

1. e4 e6 2. d4 d5 3. Nc3 Bb4 4. e5 c5 5. a3 Bxc3+ 6. bxc3 Ne7 7. Qg4 O-O 8.
Bd3 Nbc6 9. Nf3 f5 10. exf6 Rxf6 11. Bg5 e5 12. Qg3 Rxf3 13. gxf3 c4 14.
Bf6 Qf8 15. Bxe7 Qxe7 16. Bxc4 exd4+ 17. Be2 Bf5 18. Kf1 Bxc2 19. Bd1 Bxd1
20. Rxd1 dxc3 21. Rxd5 Rf8 22. Qd6 Qh4 23. Qe6+ Kh8 24. Kg2 Ne7 25. Qd6 Ng6
26. Rc1 Kg8 27. Qe6+ Kh8 28. Qd6 Nf4+ 29. Kh1 Kg8 30. Rd4 c2 31. Rxc2 Qg5
32. Rxf4 Qxf4 33. Qxf4 Rxf4 34. Rc8+ Rf8 35. Rc7 Rxf3 36. Rxb7 Rxa3 37. Kg2
h5 38. f3 Kh7 39. Kg3 Ra5 40. Rc7 Kg6 41. h4 Kf6 42. Kf4 Ra6 43. Rc8 Rb6
44. Rf8+ Kg6 45. Ra8 Rb4+ 46. Kg3 Ra4 47. Rc8 Ra6 48. Kf4 Rf6+ 49. Ke4 Ra6
50. Kf4 Ra4+ 51. Kg3 Ra1 52. Rc6+ Kf7 53. Rc7+ Kg6 54. Rc6+ Kh7 55. Rc5 Kg6
56. Rc6+ Kh7 57. Rc5 Kg6 58. Rc6+ Kf7 59. Rc7+ Kg6 1/2-1/2

[Event "ch-PHI"]
[Site "Tagaytay City PHI"]
[Date "2010.05.31"]
[Round "7"]
[White "Dimakiling,O"]
[Black "Dableo,R"]
[Result "0-1"]
[WhiteElo "2443"]
[BlackElo "2464"]
[EventDate "2010.05.25"]

1. d4 e6 2. e4 d5 3. Nc3 dxe4 4. Nxe4 Bd7 5. c4 Nf6 6. Bg5 Bb4+ 7. Nc3 c5
8. d5 h6 9. Bh4 O-O 10. Be2 exd5 11. cxd5 Re8 12. Kf1 Bf5 13. g4 Bg6 14.
Bb5 Bxc3 15. bxc3 Re5 16. Bc4 Nbd7 17. Nf3 Re4 18. Bd3 Rxg4 19. h3 Rf4 20.
Bg3 Bxd3+ 21. Qxd3 c4 22. Qe2 Re4 23. Qd2 Qa5 24. d6 Rae8 25. Kg2 Re2 26.
Qd1 Nh5 27. Bh2 Qxc3 28. Rf1 R8e6 29. Qd5 Rg6+ 30. Kh1 Nhf6 31. Qf5 Rxf2
32. Rxf2 Qxa1+ 33. Bg1 Qd1 34. Rb2 c3 35. Rc2 Nh5 0-1

[Event "ch-PHI"]
[Site "Tagaytay City PHI"]
[Date "2010.06.01"]
[Round "8"]
[White "Garcia,Jan"]
[Black "Dableo,R"]
[Result "0-1"]
[WhiteElo "2315"]
[BlackElo "2464"]
[EventDate "2010.05.25"]

1. c4 c6 2. Nc3 d5 3. cxd5 cxd5 4. d4 Nf6 5. Nf3 a6 6. Bf4 Nc6 7. Rc1 Bf5
8. e3 e6 9. Qb3 Ra7 10. Be2 Be7 11. Ne5 Nxe5 12. Bxe5 O-O 13. a4 Nd7 14.
Bg3 Nb8 15. O-O Nc6 16. f3 Bg6 17. Rfd1 Na5 18. Qa2 Ra8 19. e4 Qb6 20. b4
Qxb4 21. Be1 Qb6 22. Rb1 Qd8 23. Rb2 b5 24. exd5 b4 25. Ne4 exd5 26. Nc5
Nc6 27. Bxb4 Bd6 28. Bf1 Qe7 29. Ba3 Nxd4 30. Qxd5 Qe3+ 31. Kh1 Nf5 32. Ne4
Bxa3 33. Rb3 Rad8 34. Qxd8 Qxb3 35. Qd3 Qxd3 36. Rxd3 Bb4 37. a5 Bxa5 38.
Ra3 Bb4 39. Rxa6 Ne3 40. Ra4 Bxe4 41. Rxb4 Bxf3 0-1

[Event "ch-PHI"]
[Site "Tagaytay City PHI"]
[Date "2010.06.01"]
[Round "8"]
[White "Sadorra,J"]
[Black "Dimakiling,O"]
[Result "1-0"]
[WhiteElo "2450"]
[BlackElo "2443"]
[EventDate "2010.05.25"]

1. d4 c6 2. Nf3 Nf6 3. c4 d6 4. Nc3 Bg4 5. e4 Nbd7 6. Be2 e5 7. Be3 Be7 8.
h3 Bxf3 9. Bxf3 O-O 10. O-O Re8 11. Qc2 Bf8 12. Rad1 a5 13. g4 h6 14. Bg2
Qb8 15. f4 exd4 16. Bxd4 a4 17. c5 d5 18. e5 Nh7 19. Nxa4 Rxa4 20. Qxa4
Nxc5 21. Qc2 Ne6 22. Bb6 Be7 23. Kh1 Bh4 24. Bf2 Bxf2 25. Rxf2 Nhf8 26.
Rdf1 Nd7 27. Qc3 Qa7 28. h4 Qxa2 29. g5 hxg5 30. hxg5 Qa4 31. Qg3 Nef8 32.
Qh3 Nc5 33. f5 Rxe5 34. Rf4 Qb3 35. R1f3 Qd1+ 36. Rf1 Qd3 37. Qh2 Nh7 38.
g6 fxg6 39. R4f3 Rxf5 40. Rxd3 Nxd3 41. Rxf5 gxf5 42. Qb8+ Nf8 43. Qxb7 Ne5
44. Qe7 Nfd7 45. Qe8+ Kh7 46. Qh5+ Kg8 47. Qxf5 g6 48. Qe6+ Kg7 49. Qe7+
Kh8 50. Bh3 1-0

[Event "ch-PHI"]
[Site "Tagaytay City PHI"]
[Date "2010.06.01"]
[Round "8"]
[White "Pascua,H"]
[Black "Bitoon,R"]
[Result "1-0"]
[WhiteElo "2358"]
[BlackElo "2476"]
[EventDate "2010.05.25"]

1. d4 e6 2. c4 Nf6 3. Nf3 b6 4. g3 Bb7 5. Bg2 Be7 6. O-O O-O 7. Re1 d6 8.
Qc2 c5 9. e4 cxd4 10. Nxd4 Qc7 11. b3 Nc6 12. Bb2 Rac8 13. Qe2 a6 14. Nc2
b5 15. cxb5 axb5 16. Rc1 Qb6 17. Nd2 Rfd8 18. b4 d5 19. exd5 exd5 20. Nb3
Nxb4 21. Qxe7 Nxc2 22. Bxf6 gxf6 23. Rab1 Re8 24. Qd7 Re6 25. Bxd5 Re7 26.
Qxe7 Bxd5 27. Qe2 Qb7 28. Rxc2 Rxc2 29. Qxc2 Bh1 30. f3 Bxf3 31. Re1 1-0

[Event "ch-PHI"]
[Site "Tagaytay City PHI"]
[Date "2010.06.01"]
[Round "8"]
[White "Laylo,D"]
[Black "Nolte,R"]
[Result "1/2-1/2"]
[WhiteElo "2527"]
[BlackElo "2420"]
[EventDate "2010.05.25"]

1. d4 Nf6 2. c4 c6 3. Nf3 d5 4. e3 Bf5 5. Nc3 e6 6. Nh4 Be4 7. f3 Bg6 8.
Qb3 Qc7 9. Bd2 Nbd7 10. cxd5 Nxd5 11. Nxg6 hxg6 12. O-O-O Nxc3 13. Bxc3
O-O-O 14. h3 Kb8 15. Kb1 Ka8 16. Bc4 Nb6 17. Ba5 Rh5 18. Bxb6 Qxb6 19. Qxb6
axb6 20. f4 Be7 21. Rhf1 b5 22. Bb3 Bf6 23. Rc1 Ka7 24. Rf3 Kb6 25. a3 Rd7
26. g4 Rh4 27. g5 Be7 28. Rd1 Bd6 29. Bc2 Rd8 30. Bd3 Be7 31. Rg3 Rdh8 32.
Bf1 Ra8 33. Be2 Rhh8 34. Bg4 Rhd8 35. e4 c5 36. dxc5+ Bxc5 37. Rgd3 Rxd3
38. Rxd3 Kc7 39. Rc3 Kb6 40. Be2 Bd6 41. e5 Be7 42. Rb3 b4 43. Kc2 Rd8 44.
a4 Bc5 45. Bb5 Kc7 46. Rd3 Rxd3 1/2-1/2

[Event "ch-PHI"]
[Site "Tagaytay City PHI"]
[Date "2010.06.01"]
[Round "8"]
[White "Gomez,Joh"]
[Black "Antonio,R"]
[Result "1/2-1/2"]
[WhiteElo "2507"]
[BlackElo "2572"]
[EventDate "2010.05.25"]

1. e4 c6 2. c4 d5 3. exd5 cxd5 4. cxd5 Nf6 5. Nc3 Nxd5 6. Nf3 e6 7. d4 Be7
8. Bd3 Nc6 9. O-O O-O 10. a3 Bf6 11. Be3 Nxc3 12. bxc3 b6 13. Qd2 Bb7 14.
Ng5 g6 15. Ne4 Bg7 16. f3 Na5 17. Rad1 Rc8 18. Bf4 Bd5 19. Ba6 Rc6 20. Bb5
Rc8 21. Ba6 Bb7 22. Bd3 Bd5 23. Ba6 1/2-1/2

[Event "ch-PHI"]
[Site "Tagaytay City PHI"]
[Date "2010.06.01"]
[Round "9"]
[White "Antonio,R"]
[Black "Garcia,Jan"]
[Result "1-0"]
[WhiteElo "2572"]
[BlackElo "2315"]
[EventDate "2010.05.25"]

1. e4 d6 2. d4 Nf6 3. Nc3 g6 4. f4 Bg7 5. Nf3 c5 6. dxc5 Qa5 7. Bd3 Qxc5 8.
Qe2 O-O 9. Be3 Qa5 10. O-O Bg4 11. h3 Bxf3 12. Qxf3 Nc6 13. Kh1 Nd7 14. f5
Bxc3 15. bxc3 Qxc3 16. Bh6 Nde5 17. Qg3 Nb4 18. Rab1 Nxc2 19. Rb3 Qc5 20.
Rc1 Nxd3 21. Qxd3 Rfc8 22. Rb2 Nb4 23. Qb1 Qe5 24. Rxb4 b6 25. Qb2 Qxb2 26.
Rxb2 Rxc1+ 27. Bxc1 Rc8 28. Bh6 f6 29. Rb1 g5 30. h4 Rc4 31. hxg5 fxg5 32.
Bxg5 1-0

[Event "ch-PHI"]
[Site "Tagaytay City PHI"]
[Date "2010.06.01"]
[Round "9"]
[White "Nolte,R"]
[Black "Gomez,Joh"]
[Result "1/2-1/2"]
[WhiteElo "2420"]
[BlackElo "2507"]
[EventDate "2010.05.25"]

1. d4 d5 2. c4 c6 3. Nc3 dxc4 4. e4 b5 5. a4 b4 6. Na2 Nf6 7. e5 Nd5 8.
Bxc4 e6 9. Nf3 Be7 10. O-O O-O 11. Be3 Bb7 12. Qe2 Nxe3 13. Qxe3 Nd7 14.
Rfd1 Nb6 15. Qb3 Nxc4 16. Qxc4 Qb6 17. Nc1 c5 18. a5 Qc7 19. dxc5 Bxc5 20.
Qe2 Rad8 21. Nd3 Ba6 22. Qe4 Be7 23. Nxb4 Bb7 24. Qc2 Rxd1+ 25. Rxd1 Rd8
26. Nd4 Qd7 27. Qc3 f6 28. a6 Ba8 29. Rd2 Rc8 30. Ne2 Qe8 31. Qb3 Kh8 32.
exf6 gxf6 33. Nd3 Qc6 34. Ndf4 Rg8 35. f3 Qxf3 36. Qxf3 Bxf3 37. Nd4 Bc5
38. Nfxe6 Bb6 39. h3 Bd5 40. Kh2 Bc4 41. b3 Bxa6 42. g3 Re8 43. Nf4 Re1 44.
h4 Bb7 45. Kh3 Re4 46. Nb5 Re3 47. Nd6 Bc6 48. b4 Re7 49. Nf5 Rd7 50. Re2
Rd8 51. Re7 Bb5 52. Nh5 Bd7 53. g4 Bxf5 54. gxf5 Bd4 55. Ng7 Rg8 56. Ne6
1/2-1/2

[Event "ch-PHI"]
[Site "Tagaytay City PHI"]
[Date "2010.06.01"]
[Round "9"]
[White "Bitoon,R"]
[Black "So,W"]
[Result "0-1"]
[WhiteElo "2476"]
[BlackElo "2665"]
[EventDate "2010.05.25"]

1. e4 c5 2. Nf3 d6 3. d4 cxd4 4. Nxd4 Nf6 5. Nc3 g6 6. Be3 Bg7 7. f3 O-O 8.
Qd2 Nc6 9. Bc4 Bd7 10. O-O-O Rb8 11. Bb3 Na5 12. h4 b5 13. Kb1 Nc4 14. Bxc4
bxc4 15. g4 Qb6 16. Qc1 Qa5 17. Ka1 Rb6 18. Nde2 Rb7 19. g5 Nh5 20. Qd2
Rfb8 21. Rb1 Ng3 22. Nxg3 Rxb2 23. Bd4 Rxa2+ 24. Nxa2 Rxb1+ 0-1

[Event "ch-PHI"]
[Site "Tagaytay City PHI"]
[Date "2010.06.01"]
[Round "9"]
[White "Dimakiling,O"]
[Black "Pascua,H"]
[Result "0-1"]
[WhiteElo "2443"]
[BlackElo "2358"]
[EventDate "2010.05.25"]

1. e4 c5 2. Nc3 Nc6 3. g3 g6 4. Bg2 Bg7 5. d3 e6 6. Be3 d6 7. Nge2 Nd4 8.
O-O Rb8 9. Rb1 Ne7 10. f4 O-O 11. g4 f5 12. gxf5 exf5 13. Ng3 b6 14. Qd2
Be6 15. b4 Qd7 16. Kh1 Kh8 17. Bg1 Rfc8 18. b5 fxe4 19. Ngxe4 Nef5 20. Bf2
Rf8 21. a4 Rbe8 22. Rfe1 h6 23. a5 d5 24. Na4 dxe4 25. dxe4 Nd6 26. axb6
Nc4 27. Nxc5 Nxd2 28. Nxd7 Bxd7 29. Rbd1 Bg4 30. bxa7 Nxb5 31. Rxd2 Bc3 32.
Rb1 Bxd2 33. Rxb5 Bxf4 34. Bd4+ Kg8 35. e5 Be6 36. Bc5 Ra8 37. Rb7 Rfd8 38.
Kg1 Bd5 39. Bxd5+ Rxd5 40. Rb8+ Rd8 41. Bd6 Be3+ 42. Kg2 Bxa7 43. Rb7 Bb8
0-1

[Event "ch-PHI"]
[Site "Tagaytay City PHI"]
[Date "2010.06.01"]
[Round "9"]
[White "Dableo,R"]
[Black "Sadorra,J"]
[Result "0-1"]
[WhiteElo "2464"]
[BlackElo "2450"]
[EventDate "2010.05.25"]

1. g3 e5 2. c4 d6 3. Bg2 f5 4. Nc3 Nf6 5. d3 Be7 6. b4 O-O 7. Nf3 Qe8 8. e3
Nc6 9. b5 Nd8 10. d4 Be6 11. Qb3 Nf7 12. a4 g5 13. h4 h6 14. hxg5 hxg5 15.
Nd5 Bxd5 16. cxd5 e4 17. Nd2 Kg7 18. Rg1 g4 19. Bb2 Ng5 20. Nb1 Nf3+ 21.
Bxf3 gxf3 22. Qc2 Rh8 23. Nd2 Rh2 24. g4 fxg4 25. Qxc7 Rc8 26. Qxb7 Rc2 27.
Ba3 Rxf2 28. Kxf2 Rxd2+ 29. Ke1 Re2+ 30. Kd1 Kg6 31. Qc6 Qd8 32. Bb4 Rxe3
33. Bd2 Rd3 34. Kc2 f2 35. Rg2 Rf3 36. Qc4 Qd7 37. Rf1 g3 38. a5 Qh3 39. b6
axb6 40. axb6 Qxg2 41. b7 Nd7 42. Qc8 Qxf1 43. Qg8+ Kh5 44. Qe8+ Kg4 45.
Qxd7+ Rf5 46. b8=Q Qd3+ 47. Kb2 Qxd2+ 0-1

[Event "ch-PHI"]
[Site "Tagaytay City PHI"]
[Date "2010.06.02"]
[Round "10"]
[White "Garcia,Jan"]
[Black "Sadorra,J"]
[Result "0-1"]
[WhiteElo "2315"]
[BlackElo "2450"]
[EventDate "2010.05.25"]

1. c4 e6 2. Nf3 d5 3. cxd5 exd5 4. d4 c6 5. Nc3 Nf6 6. Bg5 Nbd7 7. Qc2 Be7
8. e3 O-O 9. Bd3 Re8 10. O-O Nf8 11. Rab1 Ng6 12. Ne5 Ng4 13. Bxe7 Qxe7 14.
Nxg4 Bxg4 15. Rbe1 Qf6 16. f3 Bd7 17. Qf2 Nf8 18. e4 dxe4 19. fxe4 Qxf2+
20. Rxf2 Rad8 21. Rd1 Bg4 22. Be2 Bxe2 23. Rxe2 Nd7 24. b4 a6 25. a4 h5 26.
Kf2 Re7 27. Kf3 Nb6 28. b5 Red7 29. bxc6 bxc6 30. Rb2 Nc4 31. Rc2 Rxd4 32.
Rxd4 Rxd4 33. Ne2 Ne5+ 34. Kf4 Ng6+ 35. Ke3 Rxa4 36. Rxc6 Ne5 37. Rc8+ Kh7
38. Rc7 Ng4+ 39. Kf4 Ra2 40. Ng3 Rf2+ 41. Kg5 Nxh2 42. Kh4 g6 43. e5 Kh6
44. Rc6 Rxg2 45. Kh3 Ra2 46. Nf5+ Kg5 47. Nd6 Ng4 48. Nxf7+ Kf5 49. e6 Rh2+
0-1

[Event "ch-PHI"]
[Site "Tagaytay City PHI"]
[Date "2010.06.02"]
[Round "10"]
[White "Pascua,H"]
[Black "Dableo,R"]
[Result "1/2-1/2"]
[WhiteElo "2358"]
[BlackElo "2464"]
[EventDate "2010.05.25"]

1. d4 d5 2. c4 c6 3. Nf3 Nf6 4. Nc3 a6 5. c5 g6 6. Bf4 Nh5 7. Bd2 Nf6 8.
Bf4 Nh5 9. Bd2 Nf6 10. Bf4 Nh5 1/2-1/2

[Event "ch-PHI"]
[Site "Tagaytay City PHI"]
[Date "2010.06.02"]
[Round "10"]
[White "So,W"]
[Black "Dimakiling,O"]
[Result "1-0"]
[WhiteElo "2665"]
[BlackElo "2443"]
[EventDate "2010.05.25"]

1. d4 c5 2. d5 e6 3. c4 b5 4. cxb5 Nf6 5. Nc3 a6 6. e4 Bb7 7. dxe6 fxe6 8.
e5 Ne4 9. Bd3 Qh4 10. Nxe4 Bxe4 11. g3 Bxd3 12. gxh4 Bxb5 13. Ne2 Nc6 14.
Nc3 Nxe5 15. Nxb5 axb5 16. Qe2 Nc6 17. Be3 g6 18. Qxb5 Rb8 19. Qd3 d5 20.
b3 Bg7 21. Rc1 O-O 22. Bxc5 Ne5 23. Qh3 Rf5 24. O-O Re8 25. Kg2 h5 26. Bd4
Ng4 27. Bxg7 Kxg7 28. Rc7+ Kh6 29. Qc3 Rg8 30. h3 Nf6 31. Rf7 e5 32. Qc6
1-0

[Event "ch-PHI"]
[Site "Tagaytay City PHI"]
[Date "2010.06.02"]
[Round "10"]
[White "Laylo,D"]
[Black "Bitoon,R"]
[Result "1-0"]
[WhiteElo "2527"]
[BlackElo "2476"]
[EventDate "2010.05.25"]

1. d4 Nf6 2. c4 e6 3. Nf3 b6 4. a3 Bb7 5. Nc3 d5 6. Bg5 Be7 7. Qa4+ c6 8.
Bxf6 Bxf6 9. cxd5 exd5 10. g3 O-O 11. Bg2 Na6 12. O-O Re8 13. Rac1 Nc7 14.
Rfd1 Qd6 15. Qc2 Qe7 16. e3 Rad8 17. b4 Bc8 18. Ne2 Bd7 19. Nf4 Nb5 20. a4
Na3 21. Qb3 Nc4 22. b5 Qd6 23. bxc6 Bxc6 24. Nd2 Na5 25. Qa2 Be7 26. Rc3
Qd7 27. Rdc1 Bb4 28. Rxc6 Nxc6 29. Nxd5 Bxd2 30. Rxc6 Qxc6 31. Ne7+ Rxe7
32. Bxc6 Rc7 33. Bb5 Bb4 34. Qb1 Bd6 35. Kg2 g6 36. h4 f5 37. h5 Kg7 38.
Bd3 Re7 39. Qb5 Kh6 40. Be2 Bc7 41. Bf3 Bd6 42. g4 Rf8 43. Qc6 Rf6 44. hxg6
hxg6 45. Qd5 Ref7 46. g5+ Kxg5 47. e4 Re7 48. e5 Bxe5 49. dxe5 Rfe6 50. Qd4
Rxe5 51. Kg3 Kh6 52. Qd8 Re8 53. Qd6 R5e6 54. Qf4+ Kg7 55. Qd4+ Kh6 56. Bd5
Re5 57. Bf7 Re4 58. Qd2+ f4+ 59. Kf3 R8e7 60. Qd6 Rxf7 61. Kxe4 f3 62. Ke5
Rf5+ 63. Ke6 Kh5 64. Qb8 a5 65. Qxb6 Kg5 66. Qd8+ Kg4 67. Qg8 g5 68. Qd8
Rf4 69. Qxa5 Kh4 70. Qb5 g4 71. Ke5 Rf8 72. Qb4 Rf7 73. Ke6 Ra7 74. Qf4
Ra6+ 75. Kd5 Ra5+ 76. Kc6 1-0

[Event "ch-PHI"]
[Site "Tagaytay City PHI"]
[Date "2010.06.02"]
[Round "10"]
[White "Antonio,R"]
[Black "Nolte,R"]
[Result "1-0"]
[WhiteElo "2572"]
[BlackElo "2420"]
[EventDate "2010.05.25"]

1. e4 Nf6 2. Nc3 e5 3. Nf3 Nc6 4. Bb5 Bb4 5. O-O O-O 6. d3 Bxc3 7. bxc3 d6
8. Re1 Ne7 9. d4 c6 10. dxe5 dxe5 11. Ba3 cxb5 12. Qxd8 Rxd8 13. Bxe7 Re8
14. Bd6 Nd7 15. Nd2 a6 16. c4 bxc4 17. Nxc4 h6 18. a4 a5 19. Ba3 Re6 20.
Nd6 b6 21. Red1 Nf6 22. f3 Ne8 23. Nf5 Ba6 24. Rab1 h5 25. Rd7 Nf6 26. Rd6
Rxd6 27. Bxd6 Nd7 28. Ne7+ Kh7 29. Nd5 Ra7 30. Kf2 Bc4 31. Ne3 Be6 32. c4
f6 33. Nd5 Bf7 34. Ke3 Ra8 35. Kd3 Bxd5 36. cxd5 Rc8 37. Rb3 Rc1 38. Rc3
Ra1 39. Kc4 Rxa4+ 40. Kb5 1-0

[Event "ch-PHI"]
[Site "Tagaytay City PHI"]
[Date "2010.06.02"]
[Round "11"]
[White "Nolte,R"]
[Black "Garcia,Jan"]
[Result "1-0"]
[WhiteElo "2420"]
[BlackElo "2315"]
[EventDate "2010.05.25"]

1. e4 d6 2. Nc3 g6 3. d4 Nf6 4. f4 Bg7 5. Nf3 O-O 6. Be3 b6 7. Bd3 c5 8.
dxc5 bxc5 9. e5 Ng4 10. Bg1 Bb7 11. h3 Nh6 12. Qe2 Qa5 13. a3 Nc6 14. Bf2
dxe5 15. fxe5 Rad8 16. O-O Nd4 17. Nxd4 cxd4 18. Nb5 Rd5 19. Bg3 a6 20. c4
Rdd8 21. b4 Qb6 22. c5 Qc6 23. Na7 Qc7 24. b5 Qxc5 25. Nc6 Nf5 26. Bf4 axb5
27. Nxd8 Rxd8 28. Rfc1 Qd5 29. Rab1 Ne3 30. Rxb5 Qd7 31. e6 Qxe6 32. Rxb7
Qf6 33. Rb8 Rxb8 34. Bxb8 h5 35. Rc8+ Kh7 36. Qxh5+ Bh6 37. Be5 1-0

[Event "ch-PHI"]
[Site "Tagaytay City PHI"]
[Date "2010.06.02"]
[Round "11"]
[White "Bitoon,R"]
[Black "Gomez,Joh"]
[Result "1/2-1/2"]
[WhiteElo "2476"]
[BlackElo "2507"]
[EventDate "2010.05.25"]

1. e4 e6 2. d4 d5 3. e5 c5 4. c3 Qb6 5. Nf3 Nc6 6. a3 Nh6 7. b4 cxd4 8.
cxd4 Nf5 9. Be3 Nxe3 10. fxe3 g6 11. Bd3 Bg7 12. O-O O-O 13. Nc3 f6 14.
exf6 Bxf6 15. Rc1 Ne7 16. Na4 Qd6 17. Qe2 a5 18. b5 b6 19. Qb2 Bd7 20. Rc2
Bg7 21. Re1 Rad8 22. Nc3 Rc8 23. Ne2 Bh6 24. Ng3 Bg7 25. Ne2 Bh6 26. Ng3
Bg7 1/2-1/2

[Event "ch-PHI"]
[Site "Tagaytay City PHI"]
[Date "2010.06.02"]
[Round "11"]
[White "Dimakiling,O"]
[Black "Laylo,D"]
[Result "1/2-1/2"]
[WhiteElo "2443"]
[BlackElo "2527"]
[EventDate "2010.05.25"]

1. Nf3 Nf6 2. c4 c6 3. Nc3 d5 4. d4 a6 5. g3 b5 6. cxd5 cxd5 7. Bg2 Bb7 8.
O-O e6 9. Be3 Nbd7 10. a4 b4 11. Na2 Bd6 12. Ne5 a5 13. Nxd7 Qxd7 14. Nc1
O-O 15. Nd3 Rfc8 16. h3 Rc7 17. f4 Rac8 18. g4 Qe8 19. Rf2 Ba6 20. Bf3 Nd7
21. Bg2 Nf6 22. Bf3 Nd7 23. Bg2 Nf8 24. h4 Nd7 25. Bf3 Nb6 26. b3 Nd7 27.
g5 Bxd3 28. exd3 f5 29. Kg2 Nf8 30. h5 Rc6 31. Raa2 Qd8 1/2-1/2

[Event "ch-PHI"]
[Site "Tagaytay City PHI"]
[Date "2010.06.02"]
[Round "11"]
[White "Dableo,R"]
[Black "So,W"]
[Result "0-1"]
[WhiteElo "2464"]
[BlackElo "2665"]
[EventDate "2010.05.25"]

1. b3 d5 2. Bb2 Nf6 3. f4 g6 4. Nf3 Bg7 5. e3 O-O 6. Be2 c5 7. O-O d4 8.
Na3 Nd5 9. Nc4 Nc6 10. a4 Qc7 11. Nfe5 Nxe5 12. fxe5 dxe3 13. dxe3 Rd8 14.
Qe1 Nb4 15. Qc3 Nd5 16. Qe1 Nb4 17. Qc3 Bf5 18. Bd1 Rd7 19. Rf2 Rad8 20.
Bf3 Bxc2 0-1

[Event "ch-PHI"]
[Site "Tagaytay City PHI"]
[Date "2010.06.02"]
[Round "11"]
[White "Sadorra,J"]
[Black "Pascua,H"]
[Result "1-0"]
[WhiteElo "2450"]
[BlackElo "2358"]
[EventDate "2010.05.25"]

1. d4 Nf6 2. c4 g6 3. Nc3 Bg7 4. e4 d6 5. f4 O-O 6. Nf3 c5 7. d5 e6 8. dxe6
Bxe6 9. Bd3 Bg4 10. O-O Nc6 1-0